[Event "Luxembourg-ch"]
[Site "Luxembourg"]
[Date "1999.04.11"]
[Round "9"]
[White "Kirchen, Jerry"]
[Black "Muller, Guy"]
[Result "1/2-1/2"]
[WhiteElo "1648"]
[BlackElo "1696"]
[PlyCount "20"]
[EventDate "1999.04.03"]
[EventType "swiss"]
[EventRounds "9"]
[EventCountry "LUX"]
[SourceTitle "EXT 2005"]
[Source "ChessBase"]
[SourceDate "2004.11.15"]
[SourceVersion "1"]
[SourceVersionDate "2004.11.15"]
[SourceQuality "1"]

1. d4 e6 2. Nf3 b6 3. c4 Bb7 4. e3 Nf6 5. a3 c5 6. dxc5 bxc5 7. Bd2 d5 8. b4 Nc6 9. bxc5 Bxc5 10. cxd5 exd5 1/2-1/2